[Event "Toronto Reserves"]
[Site "Toronto CAN"]
[Date "1982.02.??"]
[Round "1"]
[White "Rakhinshteyn, Fima"]
[Black "Leliever, Mark"]
[Result "1/2-1/2"]
[WhiteElo "2051"]
[BlackElo "1782"]
[PlyCount "51"]
[GameId "2160767912848749"]
[EventDate "1982.02.??"]
[EventType "tourn"]
[EventRounds "11"]
[EventCountry "CAN"]
[SourceTitle "EXT 2022"]
[Source "ChessBase"]
[SourceDate "2021.10.06"]
[SourceVersion "1"]
[SourceVersionDate "2021.10.06"]
[SourceQuality "1"]

1. e4 e5 2. Nf3 Nc6 3. Bb5 a6 4. Ba4 Nf6 5. O-O Nxe4 6. d4 b5 7. Bb3 d5 8. dxe5 Be6 9. Nbd2 Nc5 10. c3 d4 11. Bxe6 Nxe6 12. cxd4 Ncxd4 13. Ne4 Qd5 14. Nxd4 Nxd4 15. Re1 Be7 16. Nf6+ gxf6 17. exf6 O-O-O 18. Qg4+ Ne6 19. fxe7 Rde8 20. Qe4 Qxe4 21. Rxe4 Rxe7 22. a4 Rd7 23. Be3 Rhd8 24. Kf1 Rd1+ 25. Rxd1 Rxd1+ 26. Ke2 1/2-1/2

[Event "Toronto Reserves"]
[Site "Toronto CAN"]
[Date "1982.02.??"]
[Round "2"]
[White "Berner, George"]
[Black "Kuznecov, Alex"]
[Result "0-1"]
[WhiteElo "1981"]
[BlackElo "2092"]
[PlyCount "70"]
[GameId "2160767912848751"]
[EventDate "1982.02.??"]
[EventType "tourn"]
[EventRounds "11"]
[EventCountry "CAN"]
[SourceTitle "EXT 2022"]
[Source "ChessBase"]
[SourceDate "2021.10.06"]
[SourceVersion "1"]
[SourceVersionDate "2021.10.06"]
[SourceQuality "1"]

1. Nc3 d5 2. Nf3 Nf6 3. d3 Nc6 4. Bg5 d4 5. Bxf6 gxf6 6. Nb1 Bh6 7. c3 e5 8. cxd4 Nxd4 9. e3 Nc6 10. Nc3 f5 11. Qa4 Bd7 12. Qh4 Qxh4 13. Nxh4 O-O-O 14. Nf3 f4 15. e4 Bg4 16. Be2 Bxf3 17. gxf3 Nd4 18. Kd2 Rd6 19. Nd5 Rhd8 20. Rac1 c6 21. Rc3 Bf8 22. a3 Rh6 23. h4 Kd7 24. Nb4 Be7 25. h5 Bxb4 26. axb4 Rg8 27. Bd1 Rg5 28. Bb3 Nxf3+ 29. Kd1 Rhxh5 30. Rxh5 Rxh5 31. Bxf7 Rh1+ 32. Ke2 Nd4+ 33. Kd2 Rf1 34. Rc5 Kd6 35. Ra5 a6 0-1

[Event "Toronto Reserves"]
[Site "Toronto CAN"]
[Date "1982.02.??"]
[Round "2"]
[White "Deiseach, Donald"]
[Black "Evans, Bill"]
[Result "1-0"]
[WhiteElo "2037"]
[BlackElo "2028"]
[PlyCount "83"]
[GameId "2160767912848752"]
[EventDate "1982.02.??"]
[EventType "tourn"]
[EventRounds "11"]
[EventCountry "CAN"]
[SourceTitle "EXT 2022"]
[Source "ChessBase"]
[SourceDate "2021.10.06"]
[SourceVersion "1"]
[SourceVersionDate "2021.10.06"]
[SourceQuality "1"]

1. e4 d6 2. d4 Nf6 3. Nc3 g6 4. Be2 Bg7 5. Be3 O-O 6. f3 c6 7. Qd2 b5 8. g4 Nbd7 9. Rd1 b4 10. Na4 Qa5 11. b3 c5 12. a3 Rb8 13. Kf1 Qc7 14. h4 h5 15. g5 Nh7 16. Bc4 cxd4 17. Bxd4 Ne5 18. Be2 a5 19. axb4 axb4 20. Nh3 Bd7 21. Nf4 e6 22. Nb2 Bb5 23. Kg2 Rfc8 24. Rc1 Bxe2 25. Nxe2 Qb7 26. Bxe5 Bxe5 27. Nc4 Rd8 28. Rhd1 Bg7 29. Nf4 Qa6 30. Qf2 Qb5 31. Rd3 d5 32. Rcd1 d4 33. Ne2 e5 34. f4 exf4 35. Qxf4 Nf8 36. Ra1 Ne6 37. Qf3 Ra8 38. Rxa8 Rxa8 39. Qxf7+ Kxf7 40. Nd6+ Ke7 41. Nxb5 Nc5 42. Rd1 1-0

[Event "Toronto Reserves"]
[Site "Toronto CAN"]
[Date "1982.02.??"]
[Round "2"]
[White "Kaminker, Harry"]
[Black "Rakhinshteyn, Fima"]
[Result "1-0"]
[WhiteElo "2173"]
[BlackElo "2051"]
[PlyCount "63"]
[GameId "2160767912848753"]
[EventDate "1982.02.??"]
[EventType "tourn"]
[EventRounds "11"]
[EventCountry "CAN"]
[SourceTitle "EXT 2022"]
[Source "ChessBase"]
[SourceDate "2021.10.06"]
[SourceVersion "1"]
[SourceVersionDate "2021.10.06"]
[SourceQuality "1"]

1. e4 e5 2. Nf3 Nc6 3. d4 exd4 4. c3 dxc3 5. Nxc3 Bb4 6. Bc4 Na5 7. Bb5 a6 8. Ba4 b5 9. Bc2 d6 10. Qd4 c5 11. Qxg7 Qf6 12. Qxf6 Nxf6 13. Bg5 Nh5 14. O-O-O Bxc3 15. bxc3 f6 16. Bh4 Nb7 17. Bg3 Ke7 18. Nh4 Nxg3 19. hxg3 Be6 20. Nf5+ Kd7 21. Rh6 Raf8 22. a3 Rf7 23. g4 a5 24. e5 fxe5 25. Be4 Bxf5 26. gxf5 Kc8 27. g4 Rg7 28. f6 Rc7 29. g5 Rg8 30. Rxh7 Rxh7 31. Bxh7 Rh8 32. g6 1-0

[Event "Toronto Reserves"]
[Site "Toronto CAN"]
[Date "1982.02.??"]
[Round "2"]
[White "Leliever, Mark"]
[Black "Knapp, Ernest"]
[Result "1-0"]
[WhiteElo "1782"]
[BlackElo "1940"]
[PlyCount "61"]
[GameId "2160767912848754"]
[EventDate "1982.02.??"]
[EventType "tourn"]
[EventRounds "11"]
[EventCountry "CAN"]
[SourceTitle "EXT 2022"]
[Source "ChessBase"]
[SourceDate "2021.10.06"]
[SourceVersion "1"]
[SourceVersionDate "2021.10.06"]
[SourceQuality "1"]

1. e4 d6 2. d4 Nf6 3. Nc3 Bg4 4. f3 Bh5 5. h4 h6 6. Nh3 Bg6 7. Nf4 Bh7 8. Bc4 e6 9. Qe2 e5 10. dxe5 dxe5 11. Nd3 Bd6 12. Be3 Qe7 13. O-O-O Nc6 14. Bb5 a6 15. Ba4 b5 16. Bb3 Nd4 17. Qf2 Nxb3+ 18. cxb3 O-O 19. Nc5 c6 20. g4 Nd7 21. Rxd6 Qxd6 22. Rd1 Qc7 23. Rxd7 Qc8 24. Qd2 Rd8 25. Qd6 Rxd7 26. Nxd7 Qe8 27. Bxh6 Rd8 28. Nf6+ Kh8 29. Bxg7+ Kxg7 30. Nh5+ Kg8 31. Qh6 1-0

[Event "Toronto Reserves"]
[Site "Toronto CAN"]
[Date "1982.02.??"]
[Round "2"]
[White "Stavropoulos, Greg"]
[Black "Boross-Harmer, Peter"]
[Result "1/2-1/2"]
[WhiteElo "1933"]
[BlackElo "1842"]
[PlyCount "80"]
[GameId "2160767912848756"]
[EventDate "1982.02.??"]
[EventType "tourn"]
[EventRounds "11"]
[EventCountry "CAN"]
[SourceTitle "EXT 2022"]
[Source "ChessBase"]
[SourceDate "2021.10.06"]
[SourceVersion "1"]
[SourceVersionDate "2021.10.06"]
[SourceQuality "1"]

1. c4 g6 2. Nf3 c5 3. Nc3 Bg7 4. d4 cxd4 5. Nxd4 Nc6 6. Nc2 d6 7. Qd2 Bh6 8. Qd3 Ne5 9. Qd4 Bg7 10. Qh4 Be6 11. Na3 Rc8 12. e3 f5 13. c5 Rxc5 14. Bb5+ Bd7 15. O-O Nf6 16. Bd2 a6 17. Be2 O-O 18. b4 Rc8 19. Rac1 b5 20. f4 Nc4 21. Nxc4 bxc4 22. h3 Qb6 23. a3 d5 24. Qf2 Rfe8 25. Bf3 Qd6 26. Ne2 Ne4 27. Bxe4 fxe4 28. Bc3 Bxc3 29. Rxc3 Rf8 30. Qg3 Qf6 31. Rf2 Rce8 32. Nd4 e5 33. fxe5 Qxf2+ 34. Qxf2 Rxf2 35. Kxf2 Rxe5 36. Rc1 Kf7 37. Kg3 Rg5+ 38. Kh2 Ke7 39. Rf1 Re5 40. Rf2 Bb5 1/2-1/2

[Event "Toronto Reserves"]
[Site "Toronto CAN"]
[Date "1982.02.??"]
[Round "3"]
[White "Boross-Harmer, Peter"]
[Black "Berner, George"]
[Result "0-1"]
[WhiteElo "1842"]
[BlackElo "1981"]
[PlyCount "164"]
[GameId "2160767912848757"]
[EventDate "1982.02.??"]
[EventType "tourn"]
[EventRounds "11"]
[EventCountry "CAN"]
[SourceTitle "EXT 2022"]
[Source "ChessBase"]
[SourceDate "2021.10.06"]
[SourceVersion "1"]
[SourceVersionDate "2021.10.06"]
[SourceQuality "1"]

1. e4 Nc6 2. d4 d5 3. e5 Bf5 4. a3 e6 5. g4 Be4 6. f3 Qh4+ 7. Kd2 Qf2+ 8. Kc3 Bxc2 9. Qxc2 Qxf1 10. b3 h5 11. Be3 Nge7 12. Qe2 Qxe2 13. Nxe2 hxg4 14. fxg4 Rh3 15. Ng3 Ng6 16. Ra2 f6 17. exf6 gxf6 18. Rf2 Be7 19. b4 Kd7 20. Nd2 Rah8 21. Ngf1 a5 22. b5 Na7 23. a4 Nc8 24. Rg1 Nd6 25. Rg3 b6 26. Rxh3 Rxh3 27. Rf3 Rh4 28. Rg3 e5 29. Kd3 Nf7 30. Ke2 e4 31. Nb3 Bd6 32. Rg2 Ng5 33. Bxg5 fxg5 34. Kd2 Rh3 35. Kc2 Nh4 36. Rf2 Rf3 37. Rxf3 Nxf3 38. Kd1 Nxh2 39. Nxh2 Bxh2 40. Ke2 Bd6 41. Nd2 Bf4 42. Nb3 c6 43. bxc6+ Kxc6 44. Kf2 Bc7 45. Ke3 b5 46. axb5+ Kxb5 47. Kd2 a4 48. Nc5 Kc4 49. Nxa4 Kxd4 50. Ke2 Ba5 51. Nb2 Ke5 52. Nd1 Bb6 53. Nc3 Bd4 54. Nb5 Bb2 55. Kd2 d4 56. Ke2 Kf4 57. Nd6 Ba3 58. Nc4 d3+ 59. Kd1 Bb4 60. Nb6 Bc5 61. Nd7 Bd4 62. Nf8 Kxg4 63. Ne6 Be3 64. Ke1 Kf3 65. Kf1 d2 66. Nd4+ Kf4 67. Ne2+ Ke5 68. Nc3 Bd4 69. Nd1 e3 70. Ke2 Ke4 71. Kf1 Kf3 72. Nf2 d1=Q+ 73. Nxd1 e2+ 74. Ke1 exd1=Q+ 75. Kxd1 g4 76. Ke1 g3 77. Kf1 g2+ 78. Ke1 g1=Q+ 79. Kd2 Qe3+ 80. Kc2 Ke2 81. Kb1 Qb3+ 82. Kc1 Qb2# 0-1

[Event "Toronto Reserves"]
[Site "Toronto CAN"]
[Date "1982.02.??"]
[Round "3"]
[White "Evans, Bill"]
[Black "Nasir, Nasim"]
[Result "1-0"]
[WhiteElo "2028"]
[BlackElo "1848"]
[PlyCount "71"]
[GameId "2160767912848758"]
[EventDate "1982.02.??"]
[EventType "tourn"]
[EventRounds "11"]
[EventCountry "CAN"]
[SourceTitle "EXT 2022"]
[Source "ChessBase"]
[SourceDate "2021.10.06"]
[SourceVersion "1"]
[SourceVersionDate "2021.10.06"]
[SourceQuality "1"]

1. d4 Nf6 2. c4 e6 3. Nf3 Bb4+ 4. Bd2 Bxd2+ 5. Qxd2 O-O 6. Nc3 d5 7. e3 b6 8. cxd5 exd5 9. Bd3 Ba6 10. O-O Bxd3 11. Qxd3 Nbd7 12. Qf5 c6 13. b4 Qe7 14. b5 Qd6 15. bxc6 Qxc6 16. Rac1 Qe6 17. Qxe6 fxe6 18. Nb5 Ne8 19. Nc7 Nxc7 20. Rxc7 Rfd8 21. Rfc1 Nf8 22. Ne5 a5 23. Kf1 b5 24. Rb7 Rdb8 25. Rcc7 Rxb7 26. Rxb7 Rc8 27. Rxb5 Rc1+ 28. Ke2 Rc2+ 29. Kf3 Rxa2 30. Rb8 a4 31. Nd7 Kf7 32. Nxf8 a3 33. Nxh7 Ra1 34. Rb7+ Kg8 35. Ng5 a2 36. Rb8# 1-0

[Event "Toronto Reserves"]
[Site "Toronto CAN"]
[Date "1982.02.??"]
[Round "3"]
[White "Knapp, Ernest"]
[Black "Kaminker, Harry"]
[Result "0-1"]
[WhiteElo "1940"]
[BlackElo "2173"]
[PlyCount "65"]
[GameId "2160767912848759"]
[EventDate "1982.02.??"]
[EventType "tourn"]
[EventRounds "11"]
[EventCountry "CAN"]
[SourceTitle "EXT 2022"]
[Source "ChessBase"]
[SourceDate "2021.10.06"]
[SourceVersion "1"]
[SourceVersionDate "2021.10.06"]
[SourceQuality "1"]

1. b4 e6 2. b5 a6 3. c4 d5 4. e3 Nf6 5. Bb2 axb5 6. cxb5 Nbd7 7. Nf3 c5 8. Be2 Bd6 9. O-O e5 10. d3 Qe7 11. a4 b6 12. Nbd2 Bb7 13. Nb3 Bc7 14. Nfd2 O-O 15. Qe1 Rfe8 16. Bd1 e4 17. dxe4 Nxe4 18. Nxe4 dxe4 19. Bc2 Qd6 20. g3 Qe6 21. Kg2 Be5 22. Bxe5 Nxe5 23. Nd2 Nf3 24. Nxf3 exf3+ 25. Kh1 Qh3 26. Rg1 Re6 27. Qf1 Qg4 28. h3 Rh6 29. Kh2 Bc8 30. Rh1 Rxh3+ 31. Kg1 Rxg3+ 32. Qg2 Rxg2+ 33. Kf1 0-1

[Event "Toronto Reserves"]
[Site "Toronto CAN"]
[Date "1982.02.??"]
[Round "3"]
[White "Kuznecov, Alex"]
[Black "Leliever, Mark"]
[Result "1-0"]
[WhiteElo "2092"]
[BlackElo "1782"]
[PlyCount "38"]
[GameId "2160767912848760"]
[EventDate "1982.02.??"]
[EventType "tourn"]
[EventRounds "11"]
[EventCountry "CAN"]
[SourceTitle "EXT 2022"]
[Source "ChessBase"]
[SourceDate "2021.10.06"]
[SourceVersion "1"]
[SourceVersionDate "2021.10.06"]
[SourceQuality "1"]

1. c4 c5 2. Nc3 g6 3. g3 Bg7 4. Bg2 Nc6 5. a3 e5 6. Nf3 Nge7 7. O-O d6 8. Rb1 Be6 9. d3 h6 10. b4 Rb8 11. Qa4 O-O 12. b5 Nd4 13. Qxa7 e4 14. Nxd4 Bxd4 15. Nxe4 Ra8 16. Qxb7 d5 17. e3 Rb8 18. Qa6 dxe4 19. exd4 Qxd4 1-0

[Event "Toronto Reserves"]
[Site "Toronto CAN"]
[Date "1982.02.??"]
[Round "3"]
[White "Rakhinshteyn, Fima"]
[Black "Deiseach, Donald"]
[Result "1/2-1/2"]
[WhiteElo "2051"]
[BlackElo "2037"]
[PlyCount "146"]
[GameId "2160767912848761"]
[EventDate "1982.02.??"]
[EventType "tourn"]
[EventRounds "11"]
[EventCountry "CAN"]
[SourceTitle "EXT 2022"]
[Source "ChessBase"]
[SourceDate "2021.10.06"]
[SourceVersion "1"]
[SourceVersionDate "2021.10.06"]
[SourceQuality "1"]

1. e4 c5 2. c3 g6 3. d4 cxd4 4. cxd4 Bg7 5. Nc3 Nc6 6. Nf3 d6 7. h3 f5 8. d5 fxe4 9. dxc6 exf3 10. Bb5 bxc6 11. Bxc6+ Bd7 12. Bxa8 Qxa8 13. g3 Nf6 14. Qb3 e6 15. Bf4 e5 16. Bg5 Ne4 17. Be3 Nxc3 18. bxc3 d5 19. Rd1 Be6 20. Qa4+ Kf7 21. Qxa7+ Qxa7 22. Bxa7 Ra8 23. Be3 Rxa2 24. h4 h5 25. O-O Ra3 26. Rc1 Kf6 27. Bd2 Kf5 28. Ra1 Rxa1 29. Rxa1 Ke4 30. Kf1 Kd3 31. Ke1 Bf8 32. Ra5 Be7 33. Rb5 Kc4 34. Rb7 Bc5 35. Rc7 Bf5 36. Bg5 Kb5 37. Be7 Bb6 38. Rb7 Kc6 39. Rb8 Bc7 40. Rb2 Bd3 41. Kd2 Be2 42. Bf6 Bf1 43. Ra2 Kd6 44. Ra8 Ke6 45. Bg5 Kf5 46. Rf8+ Ke4 47. Rf6 Ba5 48. Kc2 Bb5 49. Rxg6 Ba4+ 50. Kb2 Kd3 51. Rd6 Bxc3+ 52. Ka3 Bd1 53. Rxd5+ Ke2 54. Be3 e4 55. Rxh5 Be1 56. Rd5 Bc2 57. Kb2 Bd3 58. h5 Bxf2 59. Bxf2 Kxf2 60. h6 Kg2 61. h7 f2 62. h8=Q f1=Q 63. Qc3 Qf2+ 64. Ka3 Qa7+ 65. Ra5 Qe7+ 66. Ka2 Qe6+ 67. Ka1 Qb6 68. Qd2+ Kg1 69. Qe1+ Bf1 70. Ra2 e3 71. Rb2 Qd4 72. Kb1 Qd3+ 73. Kc1 e2 1/2-1/2

[Event "Toronto Reserves"]
[Site "Toronto CAN"]
[Date "1982.02.??"]
[Round "4"]
[White "Deiseach, Donald"]
[Black "Knapp, Ernest"]
[Result "0-1"]
[WhiteElo "2037"]
[BlackElo "1940"]
[PlyCount "124"]
[GameId "2160767912848763"]
[EventDate "1982.02.??"]
[EventType "tourn"]
[EventRounds "11"]
[EventCountry "CAN"]
[SourceTitle "EXT 2022"]
[Source "ChessBase"]
[SourceDate "2021.10.06"]
[SourceVersion "1"]
[SourceVersionDate "2021.10.06"]
[SourceQuality "1"]

1. e4 g6 2. d4 Bg7 3. f4 d6 4. Nf3 Nf6 5. Nc3 c6 6. Be2 b5 7. e5 dxe5 8. fxe5 Nd5 9. Ne4 Bf5 10. Ng3 Bg4 11. O-O O-O 12. h3 Bd7 13. Ne4 Qc8 14. c4 bxc4 15. Bxc4 Na6 16. Qe2 Nac7 17. Bd2 Rb8 18. b3 Nb6 19. Bd3 Ne6 20. Rac1 Nd5 21. Bc4 Nef4 22. Qf2 Bxh3 23. Qg3 Qg4 24. Qxg4 Bxg4 25. Nc5 Bc8 26. g3 Ne6 27. Ne4 Bd7 28. Kg2 Rfd8 29. Rf2 Be8 30. Ba5 Ne3+ 31. Kg1 Ng4 32. Bxd8 Nxf2 33. Kxf2 Rxd8 34. Bxe6 fxe6 35. Nc5 Bf7 36. Rc4 Bh6 37. Ra4 Ra8 38. Ra6 g5 39. g4 Be8 40. Nxe6 Bd7 41. Nc7 Rf8 42. e6 Bc8 43. Rxa7 Bg7 44. Ke3 h5 45. Ra8 hxg4 46. Ng1 g3 47. d5 Be5 48. Na6 cxd5 49. Nc5 d4+ 50. Ke2 Bd6 51. Ne4 Bxe6 52. Rxf8+ Kxf8 53. Nxd6 exd6 54. Kd3 Bg4 55. b4 Ke7 56. Kxd4 Kd7 57. Ke3 Kc6 58. Ne2 Bxe2 59. Kxe2 d5 60. Kf3 d4 61. Kxg3 d3 62. Kf3 g4+ 0-1

[Event "Toronto Reserves"]
[Site "Toronto CAN"]
[Date "1982.02.??"]
[Round "4"]
[White "Kaminker, Harry"]
[Black "Kuznecov, Alex"]
[Result "1/2-1/2"]
[WhiteElo "2173"]
[BlackElo "2092"]
[PlyCount "72"]
[GameId "2160767912848764"]
[EventDate "1982.02.??"]
[EventType "tourn"]
[EventRounds "11"]
[EventCountry "CAN"]
[SourceTitle "EXT 2022"]
[Source "ChessBase"]
[SourceDate "2021.10.06"]
[SourceVersion "1"]
[SourceVersionDate "2021.10.06"]
[SourceQuality "1"]

1. e4 c5 2. Nf3 d6 3. d4 cxd4 4. Nxd4 Nf6 5. Nc3 a6 6. Be2 e5 7. Nb3 Be7 8. O-O O-O 9. a4 Be6 10. f4 Qc7 11. Kh1 Nbd7 12. a5 Nc5 13. Nxc5 Qxc5 14. Qd3 Qd4 15. Be3 Qxd3 16. cxd3 Rac8 17. Rfc1 Rc6 18. Bd1 g6 19. h3 Rc7 20. g4 exf4 21. Bxf4 Rfc8 22. Ba4 h5 23. gxh5 Nxh5 24. Be3 Bf6 25. d4 Bxh3 26. Kh2 Be6 27. Ne2 Bg4 28. Rxc7 Rxc7 29. Nc3 Rc4 30. Rg1 Bc8 31. Bd1 Kh7 32. Nd5 Bd8 33. Bb3 Rc6 34. Ba4 Rc4 35. Bb3 Rc6 36. Ba4 Rc4 1/2-1/2

[Event "Toronto Reserves"]
[Site "Toronto CAN"]
[Date "1982.02.??"]
[Round "4"]
[White "Leliever, Mark"]
[Black "Boross-Harmer, Peter"]
[Result "0-1"]
[WhiteElo "1782"]
[BlackElo "1842"]
[PlyCount "54"]
[GameId "2160767912848765"]
[EventDate "1982.02.??"]
[EventType "tourn"]
[EventRounds "11"]
[EventCountry "CAN"]
[SourceTitle "EXT 2022"]
[Source "ChessBase"]
[SourceDate "2021.10.06"]
[SourceVersion "1"]
[SourceVersionDate "2021.10.06"]
[SourceQuality "1"]

1. e4 e5 2. Nf3 Nc6 3. Bb5 a6 4. Ba4 Nf6 5. O-O b5 6. Bb3 Be7 7. Re1 d6 8. c3 O-O 9. h3 Bb7 10. d4 exd4 11. cxd4 Na5 12. Bc2 c5 13. b3 Nc6 14. a3 cxd4 15. Bb2 Rc8 16. Nxd4 Nxd4 17. Bxd4 Qc7 18. Ra2 d5 19. exd5 Nxd5 20. Re5 Nf6 21. Qe2 Rfe8 22. Nd2 Bd6 23. Re3 Bf4 24. Bxf6 Bxe3 25. Ba1 Bh6 26. Qd3 Re1+ 27. Nf1 Be4 0-1

[Event "Toronto Reserves"]
[Site "Toronto CAN"]
[Date "1982.02.??"]
[Round "4"]
[White "Nasir, Nasim"]
[Black "Rakhinshteyn, Fima"]
[Result "0-1"]
[WhiteElo "1848"]
[BlackElo "2051"]
[PlyCount "115"]
[GameId "2160767912848766"]
[EventDate "1982.02.??"]
[EventType "tourn"]
[EventRounds "11"]
[EventCountry "CAN"]
[SourceTitle "EXT 2022"]
[Source "ChessBase"]
[SourceDate "2021.10.06"]
[SourceVersion "1"]
[SourceVersionDate "2021.10.06"]
[SourceQuality "1"]

1. e4 c5 2. Nf3 d6 3. Bb5+ Bd7 4. Bxd7+ Qxd7 5. c4 Qg4 6. O-O Qxe4 7. d4 cxd4 8. Re1 Qg4 9. h3 Qd7 10. Nxd4 Nc6 11. Nb5 e6 12. Bf4 O-O-O 13. Be3 a6 14. Nd4 Nge7 15. Nc3 Nxd4 16. Bxd4 Kb8 17. Na4 Nf5 18. Bb6 Rc8 19. Ba5 Qc6 20. Nb6 Re8 21. Rc1 Be7 22. b4 Bf6 23. Qd3 Bd4 24. b5 Qc7 25. c5 Bxc5 26. Nc4 Qd7 27. bxa6 Qb5 28. Rb1 Qxa6 29. Bb6 Rc8 30. Rec1 d5 31. Ne5 Qxd3 32. Nxd3 Bxb6 33. Rxb6 Rxc1+ 34. Nxc1 Rc8 35. Nd3 Rc6 36. Rb4 Rc3 37. Ne5 f6 38. Nd7+ Kc7 39. Nf8 e5 40. Nxh7 Rc1+ 41. Kh2 Rc2 42. Nf8 Rxf2 43. a4 Ne3 44. Kg3 Rxg2+ 45. Kf3 d4 46. Ne6+ Kd6 47. Nxd4 Kc5 48. Rb5+ Kxd4 49. Rb4+ Kd3 50. Rb3+ Kd4 51. Rb4+ Kd5 52. Rxb7 Ra2 53. Kxe3 Rxa4 54. Kf2 Ra3 55. Rxg7 Rxh3 56. Rf7 Ke6 57. Rf8 f5 58. Rd8 0-1

[Event "Toronto Reserves"]
[Site "Toronto CAN"]
[Date "1982.02.??"]
[Round "4"]
[White "Stavropoulos, Greg"]
[Black "Berner, George"]
[Result "1-0"]
[WhiteElo "1933"]
[BlackElo "1981"]
[PlyCount "121"]
[GameId "2160767912848768"]
[EventDate "1982.02.??"]
[EventType "tourn"]
[EventRounds "11"]
[EventCountry "CAN"]
[SourceTitle "EXT 2022"]
[Source "ChessBase"]
[SourceDate "2021.10.06"]
[SourceVersion "1"]
[SourceVersionDate "2021.10.06"]
[SourceQuality "1"]

1. Nf3 Nf6 2. c4 d6 3. g3 g6 4. b4 a5 5. b5 b6 6. Bg2 Bb7 7. O-O Bg7 8. Bb2 O-O 9. d4 Nbd7 10. Nbd2 Re8 11. d5 e5 12. dxe6 fxe6 13. Bh3 e5 14. Qc2 Nf8 15. Ng5 h6 16. Nge4 Nxe4 17. Nxe4 Bc8 18. Bxc8 Rxc8 19. Rad1 Qe7 20. Qd3 Ne6 21. Qd5 Kh7 22. h4 Rf8 23. h5 gxh5 24. Qd3 Kg8 25. Nc3 Nc5 26. Qg6 Qf7 27. Qxf7+ Rxf7 28. Nd5 Na4 29. Ba1 c6 30. Ne3 cxb5 31. cxb5 Bf8 32. Rd5 Nc3 33. Bxc3 Rxc3 34. Kg2 Kg7 35. Rh1 Kg6 36. Rhd1 Rf6 37. R1d2 Kf7 38. Rc2 Rxc2 39. Nxc2 Ke6 40. e4 Rf7 41. Ne3 Rc7 42. Rd3 Be7 43. Nd5 Rc5 44. Rc3 Bd8 45. a4 Kd7 46. Rxc5 dxc5 47. Ne3 h4 48. Nc4 hxg3 49. Kxg3 Ke6 50. Kg4 Bc7 51. Kh5 Kf6 52. Kxh6 Bd8 53. f3 Bc7 54. Kh5 Bd8 55. Ne3 Ke6 56. Kg6 Be7 57. Nc4 Bd8 58. Kg7 Bc7 59. Kf8 Bd6+ 60. Ke8 Bc7 61. Ne3 1-0

[Event "Toronto Reserves"]
[Site "Toronto CAN"]
[Date "1982.02.??"]
[Round "5"]
[White "Berner, George"]
[Black "Leliever, Mark"]
[Result "1-0"]
[WhiteElo "1981"]
[BlackElo "1782"]
[PlyCount "57"]
[GameId "2160767912848769"]
[EventDate "1982.02.??"]
[EventType "tourn"]
[EventRounds "11"]
[EventCountry "CAN"]
[SourceTitle "EXT 2022"]
[Source "ChessBase"]
[SourceDate "2021.10.06"]
[SourceVersion "1"]
[SourceVersionDate "2021.10.06"]
[SourceQuality "1"]

1. Nc3 d5 2. Nf3 Nf6 3. d3 Bf5 4. Bf4 c5 5. Qd2 Nc6 6. O-O-O Rc8 7. e4 Bg4 8. Kb1 d4 9. Ne2 g6 10. h3 Be6 11. Nc1 Bg7 12. Bh6 O-O 13. Bxg7 Kxg7 14. Ng5 Bd7 15. f4 b5 16. g4 Qb6 17. Qg2 Nd8 18. Qf2 Nc6 19. Nf3 Rb8 20. g5 Nh5 21. Nh4 c4 22. f5 Kg8 23. Be2 Ng7 24. Bg4 a5 25. f6 Ne6 26. Nf3 exf6 27. gxf6 h6 28. Qh4 Kh7 29. Bxe6 1-0

[Event "Toronto Reserves"]
[Site "Toronto CAN"]
[Date "1982.02.??"]
[Round "5"]
[White "Boross-Harmer, Peter"]
[Black "Kaminker, Harry"]
[Result "0-1"]
[WhiteElo "1842"]
[BlackElo "2173"]
[PlyCount "82"]
[GameId "2160767912848770"]
[EventDate "1982.02.??"]
[EventType "tourn"]
[EventRounds "11"]
[EventCountry "CAN"]
[SourceTitle "EXT 2022"]
[Source "ChessBase"]
[SourceDate "2021.10.06"]
[SourceVersion "1"]
[SourceVersionDate "2021.10.06"]
[SourceQuality "1"]

1. c4 e6 2. d4 c5 3. Nf3 a6 4. Nc3 cxd4 5. Qxd4 Nc6 6. Qd1 Nf6 7. a3 d5 8. cxd5 exd5 9. e3 Bd6 10. b4 O-O 11. Bd3 Re8 12. O-O Bg4 13. Be2 Rc8 14. Bb2 Bb8 15. h3 Bh5 16. Nd4 Qd6 17. g3 Bxe2 18. Ncxe2 Ne5 19. Nb3 Nf3+ 20. Kg2 Nh4+ 21. Kh2 Nf3+ 22. Kg2 Nh4+ 23. Kh2 Ne4 24. Nf4 g5 25. gxh4 gxf4 26. Qg4+ Kf8 27. Bg7+ Ke7 28. Nd4 f3+ 29. Qf4 Qg6 30. Rg1 Bxf4+ 31. exf4 Qb6 32. Nf5+ Kd7 33. Bd4 Qc7 34. Be3 Qc2 35. Rg7 Rf8 36. Rc1 Qxc1 37. Bxc1 Rxc1 38. Ne3 Nxf2 39. Nxd5 Rh1+ 40. Kg3 Rg1+ 41. Kxf2 Rxg7 0-1

[Event "Toronto Reserves"]
[Site "Toronto CAN"]
[Date "1982.02.??"]
[Round "5"]
[White "Evans, Bill"]
[Black "Stavropoulos, Greg"]
[Result "1/2-1/2"]
[WhiteElo "2028"]
[BlackElo "1933"]
[PlyCount "61"]
[GameId "2160767912848771"]
[EventDate "1982.02.??"]
[EventType "tourn"]
[EventRounds "11"]
[EventCountry "CAN"]
[SourceTitle "EXT 2022"]
[Source "ChessBase"]
[SourceDate "2021.10.06"]
[SourceVersion "1"]
[SourceVersionDate "2021.10.06"]
[SourceQuality "1"]

1. d4 Nf6 2. Nf3 c5 3. d5 e6 4. c4 b5 5. dxe6 fxe6 6. cxb5 d5 7. Bg5 Be7 8. e3 Nbd7 9. Be2 O-O 10. Nc3 Kh8 11. O-O Qc7 12. Bh4 Bd6 13. h3 Bb7 14. Rc1 Rae8 15. b4 c4 16. Qa4 e5 17. Bg3 e4 18. Bxd6 Qxd6 19. Nd4 Ne5 20. Qxa7 Bc8 21. Qc5 Qd7 22. b6 Qf7 23. Ncb5 Qg6 24. Kh1 Qh6 25. Nd6 Bxh3 26. Nxe8 Bxg2+ 27. Kxg2 Qg5+ 28. Kh1 Qh4+ 29. Kg2 Qg5+ 30. Kh1 Qh4+ 31. Kg2 1/2-1/2

[Event "Toronto Reserves"]
[Site "Toronto CAN"]
[Date "1982.02.??"]
[Round "5"]
[White "Knapp, Ernest"]
[Black "Nasir, Nasim"]
[Result "0-1"]
[WhiteElo "1940"]
[BlackElo "1848"]
[PlyCount "106"]
[GameId "2160767912848772"]
[EventDate "1982.02.??"]
[EventType "tourn"]
[EventRounds "11"]
[EventCountry "CAN"]
[SourceTitle "EXT 2022"]
[Source "ChessBase"]
[SourceDate "2021.10.06"]
[SourceVersion "1"]
[SourceVersionDate "2021.10.06"]
[SourceQuality "1"]

1. e4 e5 2. Bc4 Nf6 3. Nc3 Bb4 4. Nd5 Nxd5 5. Bxd5 c6 6. Bb3 d5 7. exd5 cxd5 8. c3 Bc5 9. Qe2 O-O 10. d3 Nc6 11. Bd2 a5 12. h3 a4 13. Bc2 Bf5 14. Nf3 Qb6 15. Rb1 Rfe8 16. O-O e4 17. dxe4 dxe4 18. Nh4 e3 19. Bxe3 Bxc2 20. Qxc2 Bxe3 21. Rbe1 Bxf2+ 22. Qxf2 Qxf2+ 23. Kxf2 Ne5 24. Rd1 Rad8 25. Rxd8 Rxd8 26. Kg3 Rd2 27. Re1 f6 28. Re4 b5 29. Rb4 Rd5 30. Nf5 Nc6 31. Rf4 Rd2 32. Rf2 Rd3+ 33. Kh2 Kf7 34. Rc2 g6 35. Ng3 Ne5 36. Ne4 Ke7 37. a3 f5 38. Ng5 h6 39. Re2 Kd6 40. Nh7 Nc4 41. Nf8 Rd2 42. Re6+ Kd5 43. Rxg6 Rxb2 44. Ne6 Nxa3 45. Nc7+ Kc4 46. Rc6+ Kd3 47. Na6 Nc4 48. Rc5 a3 49. Nb4+ Kxc3 50. Nc2 Rxc2 51. Rxb5 Rb2 52. Rxf5 a2 53. Rf3+ Kb4 0-1